000
00186 a2200097 4500
020
_a
9786071104564
041
_a
spa
100
_a
Richelle Mead
245
_a
Vampire academy
942
_c
BK
999
_c
28136
_d
28136